Piesňová tvorba Márie a Kristíny Royovej (správy a posudky o piesňovej a lit. tvorbe) časť 5.

Bibliographic Details
Main Author: Potúček, Juraj, 1923-2006 (Author)
Other Authors: Potúček, Jozef (Compiler)
Format: Book
Language:Slovak
Czech
German
PhysicalDescription:116 s. tab. 4°
Published: Bratislava Ústav hudobnej vedy SAV 1971
Subjects:

MARC

LEADER 00000cam a2200000 a 4500
001 vtls008324270
003 SK-MaSNL
005 20260301140921.0
008 230403s1971 xo a n 001 0dslo
015 |a SNBA1971/08-02075 
035 |a SK01SNK19710016487 
035 |a urn:nbn:sk:snk-am3hdno 
035 |a E3AD106B-1E96-4575-8A66-6A6A5618DB36 
035 |a urn:nbn:sk:snk-am00a22t 
035 |a SKM000018950 
040 |a SNK  |b slo  |c SNK  |e AACR2 
041 0 |a slo  |a cze  |a ger 
044 |a xo  |c SK 
080 |a 82:929:885.4  |2 1981 
080 |a 885.4  |2 1981 
080 |a 929 Royová, Mária  |2 1981 
080 |a 929 Royová, Kristína  |2 1981 
100 1 |a Potúček, Juraj,  |d 1923-2006  |4 aut  |9 184263 
245 1 0 |a Piesňová tvorba Márie a Kristíny Royovej  |n časť 5.  |b (správy a posudky o piesňovej a lit. tvorbe)  |c Juraj Potúček ; zost. Jozef Potúček 
260 |a Bratislava  |b Ústav hudobnej vedy SAV  |c 1971 
300 |a 116 s.  |b tab.  |c 4° 
504 |a Bibliogr. Zozn. Men. a názvový reg. 
546 |a Text čiast. čes. a nem. 
600 1 |a Royová, Mária,  |d 1858-1924  |2 SNKMA  |9 13348 
600 1 |a Royová, Kristína,  |d 1860-1936  |2 SNKMA  |9 87520 
655 7 |a príručky  |2 SNKPH  |9 74364 
655 7 |a autobiografie  |2 SNKPH  |9 70280 
700 1 |a Potúček, Jozef  |4 com  |9 494211 
852 |a Slovenská národná knižnica 
954 |a odborná, vedecká literatúra pôvodná (slovenská)  |2 lita 
958 |a RM 
958 |a RK 
958 |a NB 
958 |a BX 
958 |a OND 
958 |a EUIPO 
999 |c 765432  |d 767362 
952 |a SNK  |b SNK  |y PREZ  |7 0  |p 17A0892955  |o snkSB 17126/5   |i snkKSP 6476/71  |0 0  |1 0  |4 0  |d 2012-07-24  |f 1  |l 0  |r 2025-03-18 00:00:00  |w 2026-02-24 
952 |t P60, <04>, [BOOK], {604}  |a SNK  |b SNK  |y VYP  |7 0  |p 17A0294286  |o snkSB 17126/5 D1  |i snkKSP 6477/71  |0 0  |1 0  |4 0  |d 2001-03-22  |l 0  |r 2005-01-02 00:00:00  |w 2026-02-24